Stráž pod Ralskem. 700-976 /

Korporativní autor: Vojenský zeměpisný ústav (1945-1951)
Jazyk: Čeština
Vydáno: Praha : Vojenský zeměpisný ústav, 1948
Edice: Definitivní vojenské mapování 1:20 000 ; 07/00-09/76, 1948
Mapa Československé republiky 1:20 000 (5 centimetrová) ; 07/00-09/76, 1948
Témata:
Fyzický popis: 1 mapa : fotokopie, barevná ; 40 x 56 cm, na listu 52 x 73 cm
Mapy
Uloženo v:
LEADER 02531nem a2200589 i 4500
001 001893199
003 CZ BrMZK
005 20240423074609.0
007 aj|canbn
008 240423s1948 xr bk a 0| cze d
034 1 |a a  |b 20000  |d E0144512  |e E0145431  |f N0504412  |g N0503913 
040 |a BOA001  |b cze  |e rda 
043 |a e-xr---  |b e-xr-li 
072 7 |a 623  |x Vojenská technika  |2 Konspekt  |9 7 
072 7 |a 912  |x Mapy. Atlasy. Glóby  |2 Konspekt  |9 7 
080 |a 623.64  |2 MRF 
080 |a 913(437.316)  |2 MRF 
080 |a (084.3)528.42  |2 MRF 
080 |a (084.3)355/359  |2 MRF 
080 |a (084.3.035)904  |2 MRF 
110 2 |a Vojenský zeměpisný ústav (1945-1951)  |7 ko2005263855  |4 ctg  |4 pbl 
245 1 0 |a Stráž pod Ralskem.  |p 700-976 /  |c Vojenský zeměpisný ústav v Praze 
246 3 |a 07/00-09/76 
246 3 0 |a 700-976 
255 |a Měřítko 1:20 000  |b Křovákovo zobrazení  |c (E 14°45'12"--E 14°54'31"/N 50°44'12"--N 50°39'13") 
264 1 |a Praha :  |b Vojenský zeměpisný ústav,  |c 1948 
300 |a 1 mapa :  |b fotokopie, barevná ;  |c 40 x 56 cm, na listu 52 x 73 cm 
336 |a kartografický obraz  |b cri  |2 rdacontent 
337 |a bez média  |b n  |2 rdamedia 
338 |a list  |b nb  |2 rdacarrier 
490 1 |a [Definitivní vojenské mapování 1:20 000] ;  |v 07/00-09/76, 1948 
490 1 |a Mapa Československé republiky 1:20 000 (5 centimetrová) ;  |v 07/00-09/76, 1948 
500 |a Dvojbarevný otisk 
500 |a Fotokopie 
500 |a Další údaje o vydání: Mapováno r. 1947 ; Pravděpodobná magnetická deklinace pro poč. roku 1948 
562 |a Razítko: Tajné  |5 CZ-BrMZK 
650 7 |a vojenská topografie  |z Česko  |7 ph316247  |2 czenas 
650 0 9 |a military topography  |z Czechia  |2 eczenas 
651 7 |a Stráž pod Ralskem (Česko : oblast)  |7 ge1132400  |2 czenas 
651 9 |a Stráž pod Ralskem Region (Czechia)  |2 eczenas 
655 7 |a topografické mapy  |7 fd809173  |2 czenas 
655 7 |a vojenské mapy  |7 fd133817  |2 czenas 
655 7 |a reprodukce starých map  |7 fd692820  |2 czenas 
655 9 |a military maps  |2 eczenas 
655 9 |a topographic maps  |2 eczenas 
655 9 |a reproduction of old maps  |2 eczenas 
830 0 |a Definitivní vojenské mapování 1:20 000 ;  |v 07/00-09/76, 1948 
830 0 |a Mapa Československé republiky 1:20 000 (5 centimetrová) ;  |v 07/00-09/76, 1948 
910 |a BOA001  |b Mpa-1515.893,0700-0976-48 
990 |a MP 
991 |b 202404 
996 6 |b 2610967148  |c Mpa-1515.893,0700-0976-48  |l MZK  |r Sklad / do 24 hodin  |n 0  |p kup  |w 001961784  |u 000010  |a 1  |e BOA001  |j MZK50  |s P